Сопроводительное письмо наркома внутренних дел СССР Л. П. Берии наркому обороны С. К. Тимошенко при сводке агентурных донесений ...

RUSMARC
00004403cam0a2200313#x 450
001c628ec83-0256-4cbe-a458-77c8531185fb
00520210827142630.0
100##$a20210823j19401021k###0rusy50 ca
1010#$arus
102##$aRU
105##$ay###z########
1220#$ad19401021##
2001#$aСопроводительное письмо наркома внутренних дел СССР Л. П. Берии наркому обороны С. К. Тимошенко при сводке агентурных донесений о численности и размещении германских войск в Румынии
$j21 октября 1940 г.
251##$cДокумент
300##$aСопроводительное письмо - подлинник. Сводка агентурных донесений - заверенная копия
461#0$12001
$aФ. 33987
$1251
$cФонд
$1852
$j33987
462#0$12001
$aОп. 3а
$1251
$cОпись
$1852
$j
462#0$12001
$aД. 1294
$vЛ. 65-69
$1251
$cДело
$1852
$j1294
605##$2prlib_sh
$3LIBNET\UAF\0000088514
$aВторая мировая война в архивных документах (Комплекс оцифрованных архивных документов, кино- и фотоматериалов)
$lколлекция
617##$2prlib_sh
$aРумыния
$f1940
617##$2prlib_sh
$aГермания
$f1940
686##$a63.3(4Гем)62-68ю11
$vLBC/M
$2rubbk
686##$a63.3(4Рум)62-68ю11
$vLBC/M
$2rubbk
801#0$aRU
$bПБ им. Б.Н. Ельцина
$c20210823
801#1$aRU
$bПБ им. Б.Н. Ельцина
$c20210823
$2rusmarc
801#2$aRU
$bПБ им. Б.Н. Ельцина
$c20210827
$2rusmarc
850##$aРоссийский государственный военный архив
852##$aРГВА
$jЛ. 65-69
8564#$nПБ им. Б.Н. Ельцина
$uhttp://readingroom.main.prlib.ru/item.aspx?id_node=n167742421&mode=full
035##$aLIBNET\0001178253
937##$d167742421
$hФедеральное архивное агентство
Формат отображения